Europe by Smaller Borders in 40 Seconds - Statistics

General Stats
  • This quiz has been taken 34 times
  • The average score is 43 of 45
Answers on the Map
Answers color-coded by a green-red scale on the quiz's map according to % correct below.
 
Answer Stats
Country % Correct
Andorra
100%
Austria
100%
Belarus
100%
Belgium
100%
Czech Republic
100%
Denmark
100%
Estonia
100%
Finland
100%
France
100%
Germany
100%
Italy
100%
Latvia
100%
Liechtenstein
100%
Lithuania
100%
Luxembourg
100%
Monaco
100%
Netherlands
100%
Norway
100%
Slovenia
100%
Spain
100%
Switzerland
100%
Bosnia and Herzegovina
96%
Croatia
96%
Ireland
96%
Moldova
96%
Montenegro
96%
Poland
96%
Russia
96%
San Marino
96%
Slovakia
96%
Ukraine
96%
United Kingdom
96%
Vatican City
96%
Albania
93%
Bulgaria
93%
Greece
93%
Hungary
93%
North Macedonia
93%
Portugal
93%
Serbia
93%
Romania
89%
Sweden
89%
Kosovo
81%
Malta
78%
Iceland
74%
No matching quizzes found
Score Distribution
Percent of People with Each Score
Percentile by Number Answered
Your Score History
You have not taken this quiz